000 004540000a22001810004500
003 MACL
005 20160122122935.0
008 160122b xxu||||| |||| 00| 0 eng d
040 _aMACL
_cMACL
041 _aEnglish
082 _a510/BRI
100 _aBright Careers Institute
_934039
245 _aObjective Mathematics
260 _bBright Careers Institute
_aNew Delhi
350 _a350
650 _aMathemetics
_95700
942 _cBK
_k510/Bri
_2ddc
999 _c31786
_d31786